Handbook of functional plant ecology (Record no. 41705)

MARC details
000 -LEADER
fixed length control field 00449nam a2200169Ia 4500
082 ## - DEWEY DECIMAL CLASSIFICATION NUMBER
Classification number 574(035)
Item number PUG
245 #0 - TITLE STATEMENT
Title Handbook of functional plant ecology
260 ## - PUBLICATION, DISTRIBUTION, ETC. (IMPRINT)
Place of publication New York
Name of publisher Marcel Dekker
650 ## - SUBJECT ADDED ENTRY--TOPICAL TERM
Topical Term Canopy photosynthesis
650 ## - SUBJECT ADDED ENTRY--TOPICAL TERM
Topical Term Remote sensing
650 ## - SUBJECT ADDED ENTRY--TOPICAL TERM
Topical Term Tropical forests
650 ## - SUBJECT ADDED ENTRY--TOPICAL TERM
Topical Term Water relations
700 ## - ADDED ENTRY--PERSONAL NAME
Personal name Fernande
700 ## - ADDED ENTRY--PERSONAL NAME
Personal name Valladarfs, Francisco I
942 ## - ADDED ENTRY ELEMENTS (KOHA)
Koha item type Books
Holdings
Withdrawn status Lost status Damaged status Not for loan Home library Current library Date acquired Cost, normal purchase price Full call number Accession Number Koha item type
        RRII Library RRII Library 16/12/2021 250.00 574(035) PUG 21991 Books